WEEPING OF A SOUL (Record no. 4006)
[ view plain ]
| 000 -LEADER | |
|---|---|
| fixed length control field | 00248nam a22001217a 4500 |
| 082 ## - DEWEY DECIMAL CLASSIFICATION NUMBER | |
| Classification number | 821 |
| Item number | CHA/W |
| 100 ## - MAIN ENTRY--AUTHOR NAME | |
| Personal name | CHALLENGE,S |
| 245 ## - TITLE STATEMENT | |
| Title | WEEPING OF A SOUL |
| 260 ## - PUBLICATION, DISTRIBUTION, ETC. (IMPRINT) | |
| Place of publication | TRIVANDRUM |
| Name of publisher | PEN BOOKS |
| 300 ## - PHYSICAL DESCRIPTION | |
| Number of Pages | 83 |
| 650 ## - SUBJECT ADDED ENTRY--TOPICAL TERM | |
| Topical Term | POEMS |
| Geographic subdivision | KERALA |
| 942 ## - ADDED ENTRY ELEMENTS (KOHA) | |
| Koha item type | Books |
| Withdrawn status | Lost status | Collection code | Home library | Current library | Shelving location | Date acquired | Source of acquisition | Cost, normal purchase price | Full call number | Accession Number | Koha item type |
|---|---|---|---|---|---|---|---|---|---|---|---|
| Non-fiction | Main Library | Main Library | SHELF-16D -ENGLISH GRAMMAR ,POEMS | 30/01/2019 | PURCHASE | 55.00 | 821 CHA/W | 10842 | Books |